000 00676nam a2200241Ia 4500
001 40588
005 20240114003345.0
007 ta
008 071215s2005 g b000 u 465 u
040 _aCotton College,Assam
041 _a465
082 _a572
_bRa 233 Ph
100 _aSharma, Dr R N .
245 0 _aPhysical Anthropology /
_cDr R N Sharma.
_hTextual Documents
250 _a1st ed /
260 _aDelhi :
_bSurjeet Publications ,
_c2005.
500 _aReplaced against The origin of man and his culture by Stephen
653 _aAnthropology-Physical
653 _aG-Anthropology
942 _2ddc
_cBK
999 _c40559
_d40559